1705 1162 1123 1946 1968 1031 1986 1892 1655 1950 1426 1083 1271 1454 1049 1450 1715 1575 1956 1798 1287 1504 1892 1607 1728 1463 1378 1822 1298 1962 1946 1101 1024 1498 1197 1904 1124 1758 1802 1562 1922 1684 1571 1949 1781 1217 1321 1387 1996 1326 1180 1678 1637 1321 1801 1969 1909 1020 1157 1349 1879 1665 1887 1547 1937 1074 1103 1423 1187 1178 1627 1710 1799 1014 1700 1893 1931 1779 1609 1699 1199 1664 1526 1041 1831 1702 1366 1993 1142 1120 1370 1420 1571 1118 1524 1726 1591 1025 1477 BCNSPRNW ULIB Ver.6.0+V

เปลี่ยนเป็นภาษาไทย

Change to English
 แสดงรายละเอียดบรรณานุกรม
  กลับหน้าหลัก

Brief Record : Get Marc (ISO 2709) : E-mail record : QR code < ปิดหน้าต่าง
LEADER : 00000nam 2200000uu 4500
001    13399125167
003     ULIB
008    161026s2558||||th 000 0 tha d
020    ^a9786163940292
050  4 ^aDS578.32.T43^bบ682ธ
245 00 ^aธรรมะสมเด็จย่า (ฉบับสมบูรณ์)^bสมเด็จย่าพระราชทานตอบคำถามด้วยลายพระหัตถ์ 360 ข้อผ่านการกราบบังคมทูลสัมภาษณ์ โดยคุณอัครวัฒน์ โอสถานุเคราะห์ วันที่ 18-21 มิถุนายน 2521 ณ กรุงโลซานน์ ประเทศสวิตเซอร์แลนด์ /^cบริษัท ไทยประกันชีวิต จำกัด (มหาชน)
250    ^aพิมพ์ครั้งที่ 1
260    ^aกรุงเทพฯ :^bบริษัท แอคมี พรินติ้ง จำกัด,^c2558
300    ^a276หน้า :^bภาพประกอบสี ;^c30 ซม.
945    ^p0^l0^i001419
999    ^aณรีรัตน์
รายการนี้ยังไม่มีแท็ก
คุณยังไม่ได้ล็อกอิน คุณสามารถมีกิจกรรมร่วมกับเว็บไซต์ได้ แต่ต้องล็อกอินก่อน ::
  ล็อกอิน

รายการสื่อสารสนเทศ

ลำดับที่ ประเภท เลขเรียก/บาร์โค้ด สถานที่ สถานะ
1. การศึกษาทั่วไป
การศึกษาทั่วไป
DS578.32.T43 บ682ธ ฉ.1 
  Barcode: 001419
ห้องสมุดวิทยาเขตสวรรค์ประชารักษ์
►หนังสือทั่วไป
บนชั้น

BibComment


ยังไม่เคยถูกคอมเมนท์

คอมเมนท์ทรัพยากรรายการนี้
  คอมเมนท์: ธรรมะสมเด็จย่า ฉ..


 Copyright 2026. Bcnsprnw @Library